000 00467ntaaa2200193 4500
003 01
005 20251027201731.0
008 0714s1973 ag 01
040 _aAR-BaBN
_bspa
_cAR-BaBN
_eaacr
_dRIC
082 _a238.0000 K29
100 _aKelly, J.N.D.
245 _aEarly christian creeds
250 _a1 ed.
260 _aNew York :
_bDavid McKay Company,
_cc1960
300 _axi, 446 p
650 _acredos
_93178
650 _ateologĂ­a-credos
942 _cBK
999 _c12026
_d12026